<?xml version="1.0" encoding="UTF-8"?>
<marc:record xmlns:marc="http://www.loc.gov/MARC21/slim">
   <marc:leader>00000nam a2200000 a 4500</marc:leader>
   <marc:datafield ind1="1" ind2=" " tag="100">
      <marc:subfield code="a">Unger, Lisa</marc:subfield>
      <marc:subfield code="4">aut</marc:subfield>
      <marc:subfield code="e">Verfasser/-in</marc:subfield>
   </marc:datafield>
   <marc:datafield ind1="0" ind2="0" tag="245">
      <marc:subfield code="a">Gedenke deiner Taten</marc:subfield>
   </marc:datafield>
   <marc:datafield ind1="0" ind2="0" tag="245">
      <marc:subfield code="b">; Thriller</marc:subfield>
   </marc:datafield>
   <marc:datafield ind1=" " ind2="1" tag="264">
      <marc:subfield code="b">Goldmann Verl.</marc:subfield>
      <marc:subfield code="c">2013</marc:subfield>
   </marc:datafield>
   <marc:datafield ind1="1" ind2=" " tag="520">
      <marc:subfield code="a">Wenn sich dein letzter Zufluchtsort als Falle erweist und du deinen schlimmsten Ängsten schutzlos ausgeliefert bist ... Die Schriftstellerin Kate fährt mit ihrer Tochter Chelsea nach Heart Island, um ihrer Mutter Birdie im Sommerhaus der Familie Gesellschaft zu leisten. Doch das ist Idyll ist trügerisch, denn ungebetene Gäste nahen. Emily befindet sich mit ihrem Freund Dean und dessen Kumpel Brad nach einem bewaffneten Raubüberfall auf der Flucht. Der einzig sichere Hafen, der ihr in ihrer Not in den Sinn kommt, ist Heart Island, das ihrem vermeintlichen Vater Joe gehört. Das Trio beschließt, alles auf eine Karte zu setzen und die Insel zu überfallen ...</marc:subfield>
   </marc:datafield>
   <marc:datafield ind1=" " ind2=" " tag="020">
      <marc:subfield code="a">9783442478507</marc:subfield>
      <marc:subfield code="9">9783442478507</marc:subfield>
   </marc:datafield>
</marc:record>
